Procesy nákupného rozhodovania na trhu B2C bakalárska práca

Salvato in:
Dettagli Bibliografici
Autore principale: Korpášová, Kristína
Ente Autore: Obchodná fakulta EU. Katedra marketingu
Altri autori: Mesárošová, Katarína
Natura: Libro
Lingua:slovacco
Pubblicazione: Bratislava 2019
Tags: Aggiungi Tag
Nessun Tag, puoi essere il primo ad aggiungerne!!

MARC

LEADER 00000nbm a2200000 4500
001 0255745
005 20190703101149.7
041 0 |a slo 
044 |a SK 
245 1 0 |a Procesy nákupného rozhodovania na trhu B2C  |b bakalárska práca  |c Kristína Korpášová ; školiteľ: Katarína Mesárošová 
264 1 |a Bratislava  |c 2019 
300 |a 50 s. 
100 1 |a Korpášová, Kristína 
700 1 |a Mesárošová, Katarína 
710 2 |a Obchodná fakulta EU. Katedra marketingu